00772 2200241 4500001002100000005001700021008004100038035002400079082000800103090001500111100001900126245013800145250001100283260003200294300001900326500007200345650003000417700001500447700003200462850001500494985000600509999001500515YOGYA-0209000002921120090227024315.0 ind  0010-020900000029211 a923 a923bSch A aSCHMID, JJ Von aAhli pemikir besar tentang negara dan hukumbPlato sampai KantcJJ Von Schmid; terjemahan R. Wiratno dan Djamaluddin DT Singomangkuto aCet. 3 aDjakartabPembangunanc1962 a264 hlmc18 cm aJudul asli : grote denkers over staat en recht (van plato tot kant) aBiografi - Plato dan Kant aWiratno, R aSingomangkuto, Jamaludin At aYOPDYOG(B) a1 aA000003352